Largest European Cities Beginning with the Letter B - Map Quiz - Statistics

General Stats
  • This quiz has been taken 80 times
  • The average score is 14 of 20
Answers on the Map
Answers color-coded by a green-red scale on the quiz's map according to % correct below.
 
Answer Stats
Population Country City % Correct
3755521 Germany Berlin
100%
1620809 Spain Barcelona
99%
1750216 Hungary Budapest
97%
1166763 Serbia Belgrade
96%
1716983 Romania Bucharest
96%
1137100 United Kingdom Birmingham
95%
388171 Italy Bologna
88%
425215 United Kingdom Bristol
86%
345122 Spain Bilbao
84%
437725 Slovakia Bratislava
84%
567559 Germany Bremen
84%
381346 Czechia Brno
75%
338332 Germany Bielefeld
58%
531960 United Kingdom Bradford
52%
339700 Belarus Brest
49%
361734 Germany Bochum
44%
394142 Russia Belgorod
30%
402675 Russia Bryansk
30%
328370 Poland Bydgoszcz
29%
507366 Russia Balashikha
7%
No matching quizzes found
Score Distribution
Percent of People with Each Score
Percentile by Number Answered
Your Score History
You have not taken this quiz